01063nam a2200193 a 450000100060000000300090000600800410001502000150005604000280007108200140009924500200011324600270013326000330016030000100019350505570020365000800076094200120084099900170085223248CO-ViMGA141112s2004 ck r 000 u spa d a8467421800 aCO-ViMGAbspacCO-ViMGA aR036 A85110aEl Aula en Casa aBiblioteca de consulta aColombia : bPlaneta, c2005 a19 V. av.1. Los seres vivos : animales - v.2 Aritmética y algebra - v.3 lengua y literatura - v.4 fisica y quimica - v.5 los seres vivios : plantas - v.6 Historia universal 1 - v.7 El cuerpo humano - v.8 Geografía de españa - v.9 Geometria y estadistica - v.10 Ciencias naturales - v.11 Tecnologia e informatica - v.12 Historia Universal 2 - v.13 Geografía del mundo - v.14 Cultura y sociedad - v.15 El universo y la tierra - v.16 Internet y multimedia - v.17 Diccionario Español Ingles - v.18 Diccionario Ingles Español - v.19 Guia del estudiante14aEnciclopedias infantiles y juveniles 2. Enciclopedias y diccionarios95771 2ddccBK c11650d11650